000 01644cam a22001934a 4500
005 20250605163515.0
008 250528s ||||||||||||||||||||||||d
035 _a20710
020 _a9603609080
040 _aGR-AtMCL
_bgre
_dGR-AtMCL
_eAACR2
245 1 _aΔραστηριότητες για το Παιδί / Μια Εγκυκλοπαίδεια με Θεματική Κατάταξη: Περισσότερες από 600 Ευχάριστες Δραστηριότητες φτιαγμένες από Δασκάλους για Δασκάλους
250 _a
260 _bΠατάκη,
_c1996
300 _a520
520 _aΚαιρός, Καλοκαίρι, Κατοικίδια Ζώα, Κηπουρική, Κίνηση, Κοινότητα, Μαγειρική, Μεταφορές, Μουσική, Ξεκινώντας το Σχολείο, Οικογένεια, Ομαδικές Δουλειές, Παιδικά Τραγούδια, Παιχνίδια, Περιβάλλον, Πουλιά, Ρουχισμός, Σχήματα, Σώμα, Τέχνη, Τροφή, Τσίρκο, Υγεία και Ασφάλεια, Φθινόπωρο, Φύση, Φυσικές Επιστήμες, Αγροκτήματα, Αισθήσεις, Αλφάβητος, Άνεμος κι Αέρας, Άνοιξη, Αριθμοί, Αυτοεκτίμηση, Γιορτές, Γλώσσα, Δεινόσαυροι, Διάστημα, Έντομα, Εποχές, Ζώα, Ζωολογικός Κήπος,Ήχος, Ινδιάνοι, Φυτά, Χειμώνας, Χειροτεχνία, Χρήματα, Χρώματα.
942 _cBK
999 _c5795
_d5795